000 00568nam a2200229Ia 4500
005 20241129120138.0
008 241129s9999||||xx |||||||||||||| ||und||
020 _a9781538179659
037 _aTB
040 _aSDCL
_beng
_cSDCL
041 _aeng
_2eng
084 _aR:(Y7), R3
_qSDCL
100 _aZack Naomi
245 0 _aEthics for disaster
250 _a2nd
260 _aLanham
_bRowman & Littlefield
_c2023
300 _axxiix,219p.
365 _aGBP
_b30
650 _aPhilosophy
942 _cTB
_hR:(Y7), R3
999 _c1233544
_d1233544